[Event "Rohde op 09th"]
[Site "Sautron"]
[Date "2009.10.25"]
[Round "2"]
[White "Cabrera Pino, Alexis"]
[Black "Lagarde, Maxime"]
[Result "1-0"]
[WhiteElo "2529"]
[BlackElo "2398"]
[Annotator "RR"]
[PlyCount "61"]
[EventDate "2009.10.24"]
[EventType "swiss"]
[EventRounds "9"]
[EventCountry "FRA"]
[SourceTitle "EXT 2010"]
[Source "ChessBase"]
[SourceDate "2010.11.25"]
[SourceVersion "1"]
[SourceVersionDate "2010.11.25"]
[SourceQuality "1"]
[TimeControl "40/6000+30:1800+30"]

1. e4 c5 2. Nf3 d6 3. d4 cxd4 4. Nxd4 Nf6 5. Nc3 Nc6 6. Bg5 e6 7. Qd2 a6 8.
O-O-O Nxd4 {Moins populaire que les alternatives Bd7 et h6} (8... Bd7) (8... h6
) 9. Qxd4 Be7 10. f4 O-O 11. Be2 (11. Kb1 Qa5 12. Be2 Rd8 13. e5 dxe5 14. Qxe5
$14 {[%cal Ge5a5];Howell,J (2520)-Umesh,S (2235) Isle of Lewis op 1995 1-0})
11... b5 12. Bf3 {[%cal Gf3a8,Ge4e5] 01H41 Tout était joué а tempo par le GMI}
({RR} 12. Bxf6 Bxf6 13. e5 dxe5 14. Qe4 Qb6 15. Bd3 g6 16. fxe5 Bg7 17. Qf4 Qc7
18. Rde1 Bb7 19. Re2 Qa5 20. a3 Rab8 21. h4 Bc6 22. Na2 Qc7 23. h5 Rfd8 24. Kb1
a5 25. hxg6 hxg6 26. Qh4 Be8 {Swiercz,D (2478)-Lagarde,M (2332)/Vung Tau 2008/
EXT 2009/1-0 (38)}) 12... Rb8 (12... Bb7 13. e5 Bxf3 14. exf6 gxf6 $13 {
Shirov,A (2726)-Mamedyarov,S (2731) Bundesliga 0809 2008 (13.1) 1/2}) 13. Bxf6
{01h20} (13. e5) 13... gxf6 14. f5 $1 $146 {[%csl Rf6]} ({RR} 14. g4 Qb6 15.
Qd2 b4 16. Ne2 a5 17. h4 Bb7 18. Rh3 Rfc8 19. Kb1 a4 20. Nc1 Rc4 21. g5 Rbc8
22. gxf6 Bxf6 23. Rg3+ Kf8 24. e5 Bxf3 25. Rxf3 Rxc2 26. Qe1 Qc6 27. Rf1 Be7
28. Nd3 a3 {O'Donnell,T (2357)-Tyomkin,D (2461)/Internet 2001/EXT 2003/0-1 (31)
}) 14... Bd7 15. Kb1 {01h18} Qc7 16. Qd2 {[%cal Gd2h6]} Rfc8 17. Ne2 {[%cal
Ge2f4,Gf4h5,Ge2g3,Gg3h5]} Bf8 (17... b4 18. g4 a5 19. Rhg1 a4 $132) 18. g4 {
01h08} (18. Ng3) (18. Nf4) 18... Qc5 19. Rhg1 {[%cal Gg4g5,Gg5f6,Gg1g8]} Qe5 $6
20. Nc1 {[%cal Gc1d3,Gd3e5] 36mns} (20. g5 $5 {[%cal Gg5f6,Gg1g8]}) 20... b4 (
20... Kh8 21. Nd3 $40) (20... Be7 {[%cal Gg8f8]}) 21. Nd3 {[%csl Re5]} Qd4 22.
g5 Bg7 $2 (22... Kh8) 23. Rg4 $18 fxg5 24. e5 Qxg4 25. Bxg4 exf5 26. Bh5 h6 27.
exd6 Ba4 28. b3 Bc6 29. Nxb4 Be4 30. d7 Rd8 31. Qd6 1-0

[Event "Rohde op 12th"]
[Site "Sautron"]
[Date "2012.11.??"]
[Round "2"]
[White "Videnova, Iva"]
[Black "Lagarde, Maxime"]
[Result "0-1"]
[WhiteElo "2318"]
[BlackElo "2501"]
[Annotator "RR"]
[PlyCount "70"]
[EventDate "2012.10.27"]
[EventType "swiss"]
[EventRounds "9"]
[EventCountry "FRA"]
[SourceTitle "EXT 2014"]
[Source "ChessBase"]
[SourceDate "2013.11.20"]
[SourceVersion "1"]
[SourceVersionDate "2013.11.20"]
[SourceQuality "1"]

1. e4 c5 2. Nf3 Nc6 3. d4 cxd4 4. Nxd4 Nf6 5. Nc3 d6 6. Bg5 e6 7. Qd2 a6 8.
O-O-O Nxd4 9. Qxd4 Be7 10. f4 b5 11. Bxf6 gxf6 12. e5 d5 13. Be2 (13. Kb1 Bd7 (
13... Bb7)) (13. f5 {[%csl Re8] Probablement la ligne critique} fxe5 14. Qxe5
Bf6 15. Qg3 Bh4 16. Qh3 O-O 17. Bd3 Ra7 18. Kb1 Bf6 19. Rhf1 $14 Kh8 20. g4 Rg8
21. fxe6 fxe6 22. Ne2 Rag7 23. Nf4 Be5 24. Nh5 Rc7 25. Rde1 Qg5 26. Qf3 Bg7 27.
h4 Qe7 28. g5 Rf8 29. Qg3 Rxf1 30. Rxf1 e5 31. Nxg7 Kxg7 32. h5 e4 33. Be2 d4
34. h6+ {Karjakin,S (2727)-Ivanchuk,V (2781)/Moscow 2008/CBM 126 Extra/0-1 (39)
}) (13. Bd3 {Le français joue la variante des deux cotés} f5 14. Ne2 Qc7 15. b4
Rg8 16. Rhg1 Bd7 17. a3 a5 18. Kd2 Qb7 19. g3 Bd8 20. Qb2 Bb6 21. Nd4 Ke7 22.
Nb3 axb4 23. axb4 Ra4 24. Ra1 Rga8 25. Rge1 Rxb4 26. Ra3 Rba4 27. Rea1 Qa7 {
Lagarde,M (2393)-Vidit,S (2459)/Kemer 2009/EXT 2010/0-1 (37)}) 13... Rg8 14.
Ne4 $5 $146 (14. Rhe1 f5 15. Bh5 b4 16. Na4 Qa5 17. b3 Bd7 18. Qb6 Qxb6 19.
Nxb6 Ra7 20. Nxd5 exd5 21. e6 Bxe6 22. Rxe6 Rxg2 23. Rxd5 Rxh2 24. Rxf5 Rxh5
25. Rxe7+ Kxe7 26. Rxh5 Kf6 27. Rxh7 Kf5 28. Kd2 Ke4 {Leon Hoyos,M (2542)-Vovk,
Y (2546)/Cappelle la Grande 2009/CBM 129 Extra/0-1 (58)}) (14. Bf3 Rb8 15. Rhe1
f5 16. Kb1 b4 17. Ne2 a5 18. h3 Qc7 19. g4 Bc5 20. Qd2 Qb6 21. Nd4 fxg4 22.
hxg4 a4 23. b3 Ra8 24. Rh1 Qa5 25. Rh2 Bd7 26. Qd3 Rg7 27. f5 Kd8 28. f6 Rg6 {
Borisek,J (2575)-Rombaldoni,D (2469)/Novi Sad 2009/CBM 133/1-0}) 14... f5 {
Risqué car après l'échange du B, le MI aura des faiblesses sur cases Noires} (
14... fxe5 $142 15. fxe5 Bb7 $11) 15. Nf6+ Bxf6 16. exf6 $14 {[%csl Rc8]} Rg6 {
[%cal Gg6f6]} (16... Rxg2 $2 {[%csl Rd8,Re8]} 17. Rhg1 {[%cal Gg1g8]}) 17. g4
$5 {[%csl Re8] Il faut ouvrir le jeu pour profiter de l'avance de développement
} (17. Rhe1 $5 $32 {[%cal Ge1e8]} Qxf6 (17... Rxf6 18. g4) 18. Bxb5+ $1 Kf8 (
18... axb5 19. Qxd5 Ra7 20. Qc5 {[%cal Gc5a7,Gc5c8]}) 19. Qb4+ Qe7 20. Qxe7+
Kxe7 21. Bc6 (21. Bf1) 21... Ra7 (21... Rb8 22. Bxd5) 22. Bxd5 Rh6 23. h3)
17... fxg4 (17... Qxf6 18. gxf5 Qxd4 19. Rxd4 Rg2 20. Bf3 Rf2) 18. f5 (18. Bd3
$142 Rxf6 19. Rhg1 (19. Bxh7 Rh6) 19... h5 20. h3 $44 {[%csl Re8][%cal Gg1g8]})
18... exf5 19. h3 $13 {[%cal Gh1h7]} (19. Qe5+ $2 Be6) 19... g3 $1 {[%csl Gg3]}
20. Rhe1 {[%cal Ge1e8,Ge2h5,Ge2b5]} (20. Bh5 Rxf6 21. Rhg1 (21. Rhe1+ Be6)
21... f4 22. Rdf1 {[%cal Gg1g3,Gf1f6]}) 20... Kf8 (20... Be6 $5 {[%cal Ge8f8]})
21. Qc5+ Kg8 22. Rxd5 $2 (22. Bh5 Rxf6 23. Rxd5 Qf8 24. Qc3 {[%csl Rg8][%cal
Gc3f6,Gc3g3]} Be6 25. Qxf6 (25. Qxg3+ Qg7) 25... Bxd5 26. Qxf5 Re8 $1 27. Rxe8
Qxe8 28. Qxd5 Qe3+ 29. Kd1 Qg1+ 30. Ke2 Qf2+ $44 {[%cal Gf2f7,Gg3g2]}) 22...
Qxf6 {L'attaque Blanche va rapidement s'essoufler} 23. Bh5 Be6 $1 24. Bxg6 hxg6
25. Rd3 f4 $19 {[%csl Gf4,Gg3]} 26. Qd6 Rc8 27. Rd4 f3 28. Rf4 f2 $1 29. Rd1
Qg5 {[%csl Rf4][%cal Gg5c1,Gg3g2]} 30. h4 Qc5 31. Qd2 Bxa2 32. Rf3 Bc4 33. Qf4
Qc7 34. Qd2 Re8 35. h5 Be2 0-1

[Event "Rohde op 06th"]
[Site "Sautron"]
[Date "2006.11.02"]
[Round "7"]
[White "Colovic, Aleksandar"]
[Black "Berthelot, Yannick"]
[Result "1/2-1/2"]
[WhiteElo "2459"]
[BlackElo "2309"]
[Annotator "RR"]
[PlyCount "63"]
[EventDate "2006.10.28"]
[EventType "swiss"]
[EventRounds "9"]
[EventCountry "FRA"]
[SourceTitle "EXT 2007"]
[Source "ChessBase"]
[SourceDate "2006.11.23"]
[SourceVersion "1"]
[SourceVersionDate "2006.11.23"]
[SourceQuality "1"]

1. e4 c5 2. Nf3 Nc6 3. d4 cxd4 4. Nxd4 Nf6 5. Nc3 d6 6. Bg5 e6 7. Qd2 a6 8.
O-O-O Nxd4 (8... Bd7) (8... h6) 9. Qxd4 Be7 10. f4 (10. f3 {L'alternative})
10... O-O 11. Bc4 (11. Be2) 11... b5 12. Bb3 Ne8 ({RR} 12... Bb7 13. Rhe1 Rb8
14. a3 Qc7 15. f5 h6 16. Bh4 e5 17. Qd3 Rfd8 18. Kb1 Ne8 19. Bf2 Nf6 20. Bh4
Ne8 21. g3 Bf6 22. Bxf6 Nxf6 23. g4 b4 24. axb4 Bc6 25. h4 Nxg4 26. h5 Nf6 27.
Rg1 {Asrian,K (2601)-Anastasian,A (2593)/Yerevan 2003/CBM 096 ext/0-1 (55)}) (
12... Qc7) 13. Bxe7 Qxe7 14. Qb6 $146 ({RR} 14. f5 Rb8 15. Rhf1 a5 16. fxe6
fxe6 17. Rxf8+ Kxf8 18. Rf1+ Kg8 19. Nd5 Qg5+ 20. Kb1 Rb7 21. Qf2 Nf6 22. Nb6
a4 23. Nxc8 axb3 24. Nxd6 Rd7 25. Qb6 Rxd6 26. Qxd6 bxc2+ 27. Kxc2 Qxg2+ 28.
Kb3 Qxf1 {Gurcan,S (2307)-Shengelia,D (2486)/Izmir 2003/EXT 2004/0-1 (37)})
14... Qb7 15. Qe3 a5 16. a4 bxa4 17. Bxa4 Bd7 18. Bxd7 Qxd7 19. Qb6 Qc8 (19...
a4 $1 20. Qb4 a3 21. bxa3 Qa7 $40) 20. Rd3 Ra6 21. Qd4 Rc6 (21... a4) 22. Rhd1
Nf6 23. Rg3 Kh8 24. e5 dxe5 25. fxe5 Nd5 26. Nxd5 $2 Rxc2+ 27. Kb1 Rc4 (27...
exd5 28. e6 {[%csl Rg7]} f6) 28. Qf2 exd5 29. Rxg7 $1 Kxg7 30. Qf6+ Kg8 31.
Qg5+ Kh8 32. Qf6+ {[%mdl 512]} 1/2-1/2

[Event "Balkaniad-08 Men"]
[Site "Athens "]
[Date "1976.10.??"]
[Round "5"]
[White "Radulov, Ivan"]
[Black "Gheorghiu, Florin"]
[Result "1-0"]
[WhiteElo "2515"]
[BlackElo "2540"]
[Annotator "Radulov,I"]
[PlyCount "92"]
[EventDate "1976.10.09"]
[EventType "team-tourn"]
[EventRounds "9"]
[EventCountry "GRE"]
[SourceTitle "EXT 2010"]
[Source "ChessBase"]
[SourceDate "2010.11.25"]
[SourceVersion "1"]
[SourceVersionDate "2010.11.25"]
[SourceQuality "1"]
[WhiteTeam "Bulgaria"]
[BlackTeam "Romania"]
[WhiteTeamCountry "BUL"]
[BlackTeamCountry "ROU"]

1. e4 c5 2. Nf3 d6 3. d4 Nf6 4. Nc3 cxd4 5. Nxd4 a6 6. Bg5 Nc6 7. Qd2 e6 8.
O-O-O Bd7 9. f3 h6 10. Be3 b5 11. Nxc6 Bxc6 12. Ne2 e5 (12... Be7 $142) 13. Nc3
Qa5 14. Kb1 Be7 15. g4 Rb8 16. h4 b4 17. Nd5 Nxd5 18. exd5 Bb5 19. f4 Bxf1 20.
Rhxf1 exf4 (20... Bxh4 21. fxe5 Qd8 {Inf 22}) 21. Bxf4 Qc7 22. Qe2 a5 23. Rde1
Rb7 24. g5 hxg5 25. hxg5 g6 26. Rh1 Rg8 27. Rh3 Kd8 28. Re3 Re8 29. Re4 Qb6 30.
Qf3 Qc5 31. R4e2 Rb5 32. Re3 Qxd5 33. Qe2 Rb7 34. Bxd6 Bxd6 35. Rxe8+ Kc7 36.
Ra8 Qc5 37. Rd1 Be5 38. Qd3 Bd6 39. Ra6 Rb6 40. Ra7+ Kb8 41. Rxf7 Bc7 42. Rd7
Qxg5 43. Rd5 Qg4 44. Rxa5 Rd6 45. Rb5+ Kc8 46. Rd5 Rb6 1-0

[Event "Linares Anibal op 04th"]
[Site "Linares"]
[Date "1997.??.??"]
[Round "7"]
[White "Xie, Jun"]
[Black "Gamundi Salamanca, Antonio"]
[Result "1/2-1/2"]
[WhiteElo "2500"]
[BlackElo "2440"]
[Annotator "Rechlis,G"]
[PlyCount "100"]
[EventDate "1997.02.??"]
[EventType "swiss"]
[EventRounds "10"]
[EventCountry "ESP"]
[SourceTitle "CBM 058"]
[Source "ChessBase"]
[SourceDate "1997.06.01"]
[SourceVersion "1"]
[SourceVersionDate "1997.06.01"]
[SourceQuality "1"]

1. e4 c5 2. Nf3 d6 3. d4 Nf6 4. Nc3 cxd4 5. Nxd4 Nc6 6. Bg5 e6 7. Qd2 a6 8.
O-O-O h6 9. Be3 Bd7 10. f4 Rc8 11. Kb1 Qc7 12. Bd3 $6 {It seems more logical
to prepare the push of the g pawn} (12. Be2 Nxd4 $140 $6 13. Bxd4 e5 14. Be3
Bc6 15. Bf3 $16) (12. h3) 12... Nxd4 13. Bxd4 e5 $1 14. Bf2 Bc6 15. Bh4 Be7 16.
fxe5 dxe5 17. Bxf6 (17. Rhf1 $2 Nxe4) 17... Bxf6 18. Bc4 O-O 19. Nd5 Qd6 20.
Rhf1 Bg5 21. Qf2 Qg6 $142 $15 22. Qf3 Bd8 23. Bb3 Kh8 24. g3 b5 25. h4 a5 26.
a3 Bb7 27. Rf2 Rb8 28. Rdf1 Ba6 29. Rh1 Bc8 30. h5 Qg5 31. Qc3 Be6 32. Qc5 Rg8
33. Qa7 Qxg3 34. Rhf1 Bg5 (34... Bh4 $1) 35. Qxa5 Qg4 36. Qb4 Qxh5 37. Qd6 $5
Bxd5 (37... Bh4 $140 38. Rh2 $1 $17 Be7 $15) 38. Qxd5 f6 {Inspite the extra
pawn , black correctly assessed his winning chances as minimal .} 39. Rd1 Rgf8
40. Rff1 Qg6 41. Qd3 Qe8 42. c3 Bf4 43. Rh1 g6 44. Qe2 Rb7 45. Rd5 h5 46. Bc2
Qc6 47. Rhd1 Kg7 48. Qf2 Rc8 49. Qe2 Rcb8 50. Qf1 Bg5 1/2-1/2

[Event "RUS-ch"]
[Site "Elista"]
[Date "1996.??.??"]
[Round "7"]
[White "Tiviakov, Sergei"]
[Black "Lugovoi, Aleksei"]
[Result "1/2-1/2"]
[WhiteElo "2615"]
[BlackElo "2500"]
[Annotator "Rechlis,G"]
[PlyCount "59"]
[EventDate "1996.10.15"]
[EventType "swiss"]
[EventRounds "11"]
[EventCountry "RUS"]
[SourceTitle "CBM 056"]
[Source "ChessBase"]
[SourceDate "1997.02.01"]
[SourceVersion "1"]
[SourceVersionDate "1997.02.01"]
[SourceQuality "1"]

1. e4 c5 2. Nf3 d6 3. d4 cxd4 4. Nxd4 Nf6 5. Nc3 Nc6 6. Bg5 e6 7. Qd2 a6 8.
O-O-O h6 9. Bf4 Bd7 10. Nxc6 Bxc6 11. Qe3 Qc7 12. Be2 e5 13. Bg3 Rc8 14. f4 Be7
(14... Bxe4 $6 15. Bf3 Bxf3 16. gxf3 $44) 15. Rhf1 b5 16. fxe5 dxe5 17. Kb1 O-O
18. Bd3 $6 (18. Rf5 $1 b4 $2 (18... Bxe4 $2 19. Rxe5) (18... Nd7 19. Bd3 $14)
19. Bxe5 Qb7 20. Nd5 $16) 18... Rfd8 19. Rf5 g6 $1 20. Bxe5 Ng4 21. Bxc7 Nxe3
22. Bxd8 Rxd8 23. Rff1 b4 $1 24. Nd5 Bxd5 25. exd5 Nxd1 26. Rxd1 Rxd5 27. Rf1
Rd6 28. Re1 Kf8 29. Re5 Bd8 30. Kc1 1/2-1/2

[Event "Linares Anibal op 04th"]
[Site "Linares"]
[Date "1997.??.??"]
[Round "4"]
[White "Volzhin, Alexander"]
[Black "Gasimov, Rahim"]
[Result "1-0"]
[WhiteElo "2505"]
[BlackElo "2405"]
[Annotator "Rechlis,G"]
[PlyCount "65"]
[EventDate "1997.02.??"]
[EventType "swiss"]
[EventRounds "10"]
[EventCountry "ESP"]
[SourceTitle "CBM 058"]
[Source "ChessBase"]
[SourceDate "1997.06.01"]
[SourceVersion "1"]
[SourceVersionDate "1997.06.01"]
[SourceQuality "1"]

1. e4 c5 2. Nc3 Nc6 3. Nf3 d6 4. d4 cxd4 5. Nxd4 Nf6 6. Bg5 e6 7. Qd2 a6 8.
O-O-O Bd7 9. f3 b5 10. Kb1 h6 11. Be3 Ne5 12. Bd3 Qc7 13. Rhe1 (13. g4 b4 14.
Nce2 d5 15. Bf4 dxe4 16. Bxe4 Nxe4 17. fxe4 Rc8 (17... O-O-O $5) 18. b3 f6 $2 (
18... Be7 19. Nf5) (18... Bd6 19. Nf5 exf5 20. Qxd6 Qxd6 21. Rxd6 Nxg4 $13) (
18... g5 19. Bg3 Bg7 20. Qxb4 a5 $44) 19. h4 Qb7 20. Bxe5 fxe5 21. Nf3 Bc6 22.
Ng3 (22. Nxe5 Bxe4 {xc2}) 22... Bc5 23. g5 (23. Nxe5 O-O $132) 23... O-O 24.
Nxe5 (24. Qe2 $5) 24... Bf2 $5 (24... Rf2 25. Qd3 Bb5 26. Nc4 Qf7 27. Rhf1 hxg5
$13) 25. Nxc6 (25. Qd6 Rfe8 $1 26. gxh6 Bxg3 27. Rhg1 Bxe5 28. Qxe5 Re7 $1 29.
Rg4 Qc7 30. Qb2 Kh7 $1 31. hxg7 e5) 25... Qxc6 26. Nf5 exf5 27. Qxf2 fxe4 {
1/2-1/2 Anand,V-Kramnik,V/Amsterdam VSB 1993}) (13. h4 b4 14. Nce2 d5 15. exd5
Nxd5 16. Rhe1 Nxd3 17. Qxd3 Nxe3 18. Qxe3 Bc5 19. f4 O-O 20. g3 Rfd8 21. Nc1
Ba4 22. b3 Qb6 23. bxa4 Bxd4 $19 {0-1 Liang Jinrong-Wang Zili/Beijing Tan Chin
Cup 1995 (45)}) 13... Be7 $6 (13... b4 14. Nce2 d5) (13... Nc4) (13... Rb8) 14.
g4 b4 15. Nce2 d5 16. exd5 Nxd5 17. Nf4 Nf6 $2 (17... Nxe3 18. Qxe3 Nxd3 (18...
Bg5 19. Nd5 $1 $16) (18... Bf6 19. Nh5 $16) 19. Rxd3 O-O 20. Nd5 $1 exd5 21.
Qxe7 Rae8 22. Qxb4 (22. Qh4 $4 Qxh2) 22... Rxe1+ 23. Qxe1 Qxh2 $14) (17... Nc4
18. Bxc4 Qxc4 19. Nxd5 Qxd5 20. Nf5 (20. Bf4 $5 $16) 20... Qxd2 21. Nxg7+ Kf8
22. Rxd2 Bc6 23. Nh5 Bxf3 24. h3 $14) 18. h4 $36 Nxd3 19. Qxd3 g5 $6 (19... e5
20. g5 $1 hxg5 21. hxg5 exf4 22. gxf6 fxe3 23. fxe7 $16) (19... Bd6 $2 20.
Ndxe6) 20. hxg5 hxg5 21. Nfxe6 $5 (21. Ng6 $1 fxg6 22. Qxg6+ Kf8 23. Bxg5 $18)
21... Bxe6 22. Nxe6 fxe6 23. Qg6+ Kf8 24. Bxg5 Ng8 25. Bxe7+ Qxe7 26. Rxe6 Qf7
27. Qe4 $18 Rc8 28. b3 Rh2 29. Qxb4+ Kg7 30. Qd4+ Kf8 31. Qd6+ Kg7 32. Qe5+ Kf8
33. Red6 $1 1-0

[Event "RUS-Cup3"]
[Site "Omsk"]
[Date "1996.??.??"]
[Round "1"]
[White "Kozirev, Alexander"]
[Black "Shcherbakov, Ruslan"]
[Result "0-1"]
[WhiteElo "2370"]
[BlackElo "2555"]
[Annotator "Rechlis,G"]
[PlyCount "82"]
[EventDate "1996.12.13"]
[EventType "swiss"]
[EventRounds "9"]
[EventCountry "RUS"]
[SourceTitle "CBM 057"]
[Source "ChessBase"]
[SourceDate "1997.04.01"]
[SourceVersion "1"]
[SourceVersionDate "1997.04.01"]
[SourceQuality "1"]

1. e4 c5 2. Nf3 Nc6 3. d4 cxd4 4. Nxd4 Nf6 5. Nc3 d6 6. Bg5 a6 7. Qd2 Qb6 8.
Nb3 e6 9. O-O-O Qc7 10. f4 (10. Kb1 b5 11. Bxf6 gxf6 12. f4 Bd7 13. g3 Be7 14.
Bg2 Rc8 15. Rhe1 O-O $2 16. Nd5 exd5 17. exd5 Ne5 18. fxe5 fxe5 19. Nd4 Bf6 20.
Be4 $1 $16 {1-0 Soffer,R-Smirin,I/Tel Aviv Cup rapid 1996 (36)}) 10... Be7 11.
Bxf6 gxf6 12. Be2 h5 13. h4 (13. Bf3 b5 14. Rhe1 Bb7 15. Nd5 $1 exd5 16. exd5
Na7 17. Re3 $40) 13... b5 14. Bf3 Bb7 15. Kb1 (15. Nd5 $5 exd5 16. exd5 Na7 17.
Qe3 $44) 15... O-O-O 16. Qe2 Rh7 17. Bxh5 Rdh8 18. g4 $16 Nb8 19. a3 Nd7 20.
Rh3 $1 Nc5 21. Nd4 (21. Nxc5 dxc5 22. Rhd3 $1 Qxf4 $2 (22... Bc6 23. Nd5 $1
exd5 24. exd5 $16) (22... Rd8 $14 23. Rxd8+ Bxd8 24. Qd3 $1) 23. Rd7 Re8 24.
Nxb5 Qxe4 25. Rxe7 Qxe2 26. Rxe8#) 21... Kb8 22. Re3 Nd7 23. a4 $2 {Black's
position is hopeless - he is a pawn down , no counterplay what soever , his
gathered aimlessly on the H file and his king is unsafe . Thus , there is no
need to rush , creating one more weakness on d5 would have shorten the
resistance .} (23. f5 $1 $18 e5 (23... Nc5 24. b4) 24. Nd5) 23... b4 24. Na2
Qb6 25. a5 Qxa5 26. Rb3 d5 27. exd5 $6 (27. Nxb4 $1 Bxb4 28. c3 $16) 27... Bxd5
28. c4 Bb7 29. Nc2 Nc5 30. Rxb4 Qc7 $132 {Suddenly white's peaces lost
coordination , it seems that time trouble factor has joined in . White now
practice self destruction .} 31. f5 Ka8 32. Nc3 Qe5 33. Qf2 $2 Ne4 34. Qb6 Bxb4
$17 35. Nxb4 Qc5 36. Na4 Qxb6 37. Nxb6+ Ka7 38. Na4 Rc8 39. Rd7 exf5 40. Nd5
Rxc4 41. Nxf6 $2 Nxf6 0-1

[Event "Koop Tjuchem"]
[Site "Groningen"]
[Date "1996.??.??"]
[Round "5"]
[White "Short, Nigel D"]
[Black "Svidler, Peter"]
[Result "1/2-1/2"]
[WhiteElo "2695"]
[BlackElo "2650"]
[Annotator "Rechlis,G"]
[PlyCount "40"]
[EventDate "1996.12.20"]
[EventType "tourn"]
[EventRounds "11"]
[EventCountry "NED"]
[EventCategory "16"]
[SourceTitle "CBM 057"]
[Source "ChessBase"]
[SourceDate "1997.04.01"]
[SourceVersion "1"]
[SourceVersionDate "1997.04.01"]
[SourceQuality "1"]

1. e4 c5 2. Nf3 Nc6 3. d4 cxd4 4. Nxd4 Nf6 5. Nc3 d6 6. Bg5 e6 7. Qd2 a6 8.
O-O-O h6 9. Be3 Be7 (9... Nxd4 10. Bxd4 b5 11. f4 Be7 12. Bxf6 Bxf6 13. Qxd6
Qxd6 14. Rxd6 Bb7 15. e5 Be7 16. Rd1 g5 17. Bd3 Bxg2 18. Rhg1 Bc6 19. Be4 Rc8
20. Kb1 gxf4 21. Rg4 Bxe4 22. Nxe4 Rd8 23. Rd3 f3 24. Kc1 Bg5+ 25. Kd1 Ke7 26.
h4 Rxd3+ 27. cxd3 Be3 28. Nd6 h5 29. Rg3 Bd4 30. Rxf3 f5 {0-1 Dolmatov,
S-Makarichev,S/URS-ch48 Vilnius 1980}) 10. f4 Nxd4 11. Bxd4 b5 12. Qe1 Bb7 (
12... O-O 13. Bd3 b4 14. Na4 e5 15. Bb6 Qe8 16. b3 Bg4 17. fxe5 dxe5 18. Rd2
Qc6 19. Kb1 Nd7 20. Be3 Be6 21. Qg3 Kh8 22. Re1 a5 23. Qf2 Rfc8 24. Qf1 Rab8
25. Ba7 Rb7 26. Be3 Ra8 27. Qf2 Rc7 28. Qf1 Rb8 29. Nb2 Nc5 30. Bxc5 Bxc5 31.
Na4 Bd4 32. Rdd1 Bg4 33. Rc1 Bc3 34. Nxc3 bxc3 35. Ka1 Qc5 36. Rb1 Be6 37. Qe2
{Zelic,Z-Biliskov,V/CRO-Cup Pula 1995/0-1 (53)}) 13. Kb1 (13. Bxf6 Bxf6 14. e5
Be7 15. f5 Bh4 16. Qe2 O-O 17. fxe6 Qg5+ 18. Kb1 Qxe5 19. Qg4 Qg5 20. Be2 Qxg4
21. Bxg4 Bxg2 22. Rhg1 Bb7 23. Rxd6 Bf2 24. exf7+ Rxf7 25. Rgd1 Bc5 26. Rd7 Re8
27. a3 g6 28. b4 Bf8 29. R1d3 Rxd7 30. Bxd7 Re1+ 31. Kb2 h5 32. Kb3 g5 33. a4
bxa4+ 34. Bxa4 Rh1 35. h3 Bc8 36. Rg3 Be6+ 37. Kb2 Rxh3 38. Rxg5+ Bg7 39. Rc5
h4 40. Bc6 Bd4 41. Bb7 Rxc3 {0-1 Horvath,T-Dorfman,J/Lvov 1984}) (13. e5 dxe5
14. fxe5 Nd5 {1/2-1/2 Ulibin,M-Yakovich,Y/Kursk 1987}) 13... Qc7 14. e5 dxe5
15. Bxe5 (15. fxe5 $5 Nd5 16. Ne4 O-O 17. Bd3 (17. Qg3 $2 Nb4) 17... Nb4 18.
Nd6 $13) 15... Qc6 16. Be2 O-O 17. Bf3 Qb6 18. Qg3 Rfd8 19. Ne4 Ne8 20. Nf2
Rxd1+ 1/2-1/2